000 00705cam a22002293a 4500
001 38548
003 PGUSA
005 20140828083841.0
008 120111s2012||||xxu|||||s|||||000 | eng d
040 _aPGUSA
_beng
042 _adc
050 4 _aHV
100 1 _aBerthier, Ferdinand,
_d1803-1886
245 1 0 _aL'abbé Sicard :
_bcélèbre instituteur des sourds-muets, successeur immédiat de l'abbé de l'Épée
_h[electronic resource] /
_cFerdinand Berthier
260 _bProject Gutenberg,
_c2012
506 _aPublic domain in the USA.
516 _aElectronic text
653 _aSurdité
830 0 _aProject Gutenberg
_v38548
856 4 0 _uhttp://www.gutenberg.org/ebooks/38548
942 _cEB
999 _c267802
_d267802